000 00530nam a2200193Ia 4500
005 20250326143034.0
008 250326s9999 xx 000 0 und d
037 _aTextbook
040 _aFMSL
_beng
_cFMSL
041 _aeng
_2eng
084 _aX:51:f L3
_qFMSL
100 _aGreen P E
_9350681
245 0 _aReseach for marketing decisions
_cGreen P E; Tull D S
250 _a2
260 _aNew Delhi
_bNew Delhi, Prentice Hall
_c1973
300 _a644p
942 _cTB
_hX:51:f L3
999 _c1297825
_d1297825